| 000 | 00341nam a2200133Ia 4500 | ||
|---|---|---|---|
| 008 | 240624s9999 xx 000 0 und d | ||
| 041 | _aeng | ||
| 082 | _a306.0973 RIT | ||
| 100 | _aRITZER GEORGE | ||
| 245 | _aMCDONALDIZATION OF SOCIETY 5 | ||
| 260 |
_c2008 _aLondon _bPine Forge Press |
||
| 300 | _axix, : 300 : p. : cm. ; 22 | ||
| 365 |
_c _b30 |
||
| 999 |
_c9101 _d9101 |
||